00894cam a22002651 450000100060000000300080000600500170001400800410003103500190007203500190009104000250011004100080013504200120014308200250015510000390018024500750021926000380029430000350033250400340036765100320040190600450043394200120047899900170049095201210050769141BD-RjUL20211209081843.0760430s1949 enkb b 001 0 eng  a(BD-RjUL)69352 a(OCoLC)2149820 aDLCcMSohGdDLCbeng aeng apremarc 223a956.94bPAH 19491 aParkes, James,d1896-1981.922856502aA history of Palestine from 135 A.D. to modern times./cJames Parkes,  aLondon :bVictor Gollancz,c1949. a391 p. :b ill. maps.;c23 cm. a"Bibliographies": p. 364-375. 0aPalestinexHistory.9228566 a7bcbccoclcrplduencipf19gy-gencatlg 2ddccBK c69141d69141 00102ddc40718NFICaRUCLbRUCLcReadingd2019-02-25l0o956.94 PAH 1949r2019-02-25 00:00:00tC-1w2019-02-25yBK